000 00469nam a2200205Ia 4500
001 14266
003 GE_BSU
008 181216s||||||||xx |||||||||||||| ||und||
020 _a0435121049
040 _cGE_BSU
080 _a821.111-3
100 _aTrevor,Elleston
245 4 _aThe flight of the phoenix
260 _aLondon
260 _beducational booksHeineman
260 _c1964
300 _a202p.19cm.
653 _aThe flight of the phoenix
942 _cBK
999 _c47404
_d47404